|
|
|
|
| LEADER |
00000naa a2200000uu 4500 |
| 001 |
vtls010952015 |
| 003 |
SK-MaSNL |
| 005 |
20260302123621.0 |
| 008 |
210906|1998 xo |||||||||||||||||slo| |
| 015 |
|
|
|a SNBRA
|
| 035 |
|
|
|a (urnnbn)urn:nbn:sk:snk:ar-a0bkhc
|
| 035 |
|
|
|a (uuid)823664b7-50be-405d-a028-8160b9dda07f
|
| 035 |
|
|
|a urn:nbn:sk:snk-aaucib
|
| 040 |
|
|
|a SNKBUCL
|b slo
|c SNKBUCL
|e AACR2
|
| 041 |
0 |
|
|a slo
|
| 044 |
|
|
|a xo
|c SK
|
| 100 |
1 |
|
|a Ivanová, Anna
|c iná
|4 aut
|9 808651
|
| 245 |
1 |
0 |
|a PREVÁDZKOVÉ VYVAŽOVANIE TURBOSÚSTROJOV NA KOMPRESOROVÝCH STANICIACH š.p.SPP - SLOVTRANSGAZ
|c Anna Ivanová, Jozef Paukeje, Peter Gaži, Peter Tomko
|
| 700 |
1 |
|
|a Paukeje, Jozef
|4 aut
|9 808652
|
| 700 |
1 |
|
|a Gaži, Peter
|4 aut
|9 780125
|
| 700 |
1 |
|
|a Tomko, Peter
|4 aut
|9 693935
|
| 773 |
0 |
|
|t DIS - Diagnostika strojov
|d Košice : EXPO-EDUC, 1998
|g S. 68-73
|z 8023201719
|
| 958 |
|
|
|a OND
|
| 958 |
|
|
|a article11
|
| 958 |
|
|
|a chapter
|
| 999 |
|
|
|c 1283913
|d 1285843
|